[Event "NED-ch 1995"]
[Site "Amsterdam"]
[Date "1995.??.??"]
[Round "8"]
[White "Sosonko, Gennadi"]
[Black "Riemersma, Liafbern"]
[Result "0-1"]
[WhiteElo "2535"]
[BlackElo "2430"]
[PlyCount "70"]
[EventDate "1995.06.??"]
[Source "ChessBase"]
[SourceDate "2004.01.01"]

1. d4 Nf6 2. c4 c5 3. Nf3 cxd4 4. Nxd4 e6 5. g3 Qc7 6. Nc3 a6 7. Qd3 Nc6 8.
Nxc6 Qxc6 9. e4 b6 10. Bg2 Bb7 11. Bd2 Bc5 12. O-O O-O 13. Rac1 Ng4 14. Qe2 f5
15. b4 Bd4 16. b5 Qc5 17. Na4 Bxf2+ 18. Kh1 Qa3 19. Nc3 Bd4 20. exf5 Bxg2+ 21.
Qxg2 Bxc3 22. Rxc3 Qxa2 23. h3 Nf6 24. bxa6 Rxa6 25. fxe6 dxe6 26. Qe2 b5 27.
cxb5 Rd6 28. Rd3 Rfd8 29. Rxd6 Rxd6 30. Rd1 Qd5+ 31. Kh2 Ne4 32. b6 Nc3 33. b7
Nxe2 34. b8=Q+ Rd8 35. Qc7 Rf8 0-1

[Event "NED-ch 1995"]
[Site "Amsterdam"]
[Date "1995.??.??"]
[Round "8"]
[White "Wiersma, Eelke"]
[Black "Brenninkmeijer, Joris"]
[Result "1/2-1/2"]
[WhiteElo "2180"]
[BlackElo "2490"]
[Annotator "Ribli"]
[PlyCount "82"]
[EventDate "1995.06.??"]
[Source "ChessBase"]
[SourceDate "2004.01.01"]

1. e4 c5 2. Nf3 e6 3. d4 cxd4 4. Nxd4 Nc6 5. Nc3 Qc7 6. Be3 a6 7. Bd3 b5 8. O-O
Bb7 9. Kh1 b4 {Im selben Turnier spielte Schwarz einige Tage vorher gegen
Riemersma 9...Bb7, und die Partie endete mit Remis. Jetzt versucht er eine
andere und neue Idee.} 10. Na4 Nxd4 11. Bxd4 Nf6 12. Nb6 Rb8 13. e5 Ne4 (13...
Nd5 14. Nxd5 (14. Nc4 $6 Nf4 $36) 14... Bxd5 15. Qe2 a5 $10) 14. Nc4 h5 {
Ein zweischneidiger Zug, der einen Angriff zu erreichen versucht, dafuer aber
kann der hP schwach bleiben.} (14... Nc5 $5) 15. Qe2 Nc5 16. Bxc5 Qxc5 17. Be4
Bxe4 18. Qxe4 d5 19. exd6 Bxd6 20. Nxd6+ Qxd6 21. Qe2 (21. Rad1 $5) 21... h4
22. Rad1 Qc6 23. h3 Qb5 $6 {Schwarz nimmt zu viel Risiko.} (23... O-O 24. Rd2
Rfd8 25. Rfd1 Rxd2 26. Rxd2 Rc8 $10) 24. Qg4 g6 25. Rfe1 $1 {Droht /\ Rxe6.}
25... Qc6 26. Rd4 a5 27. Qg5 Rh5 28. Qf6 {
Der Nachziehende befindet sich in grosser Not.} 28... Qxc2 {#} 29. Rxe6+ $1
fxe6 30. Qxe6+ Kf8 31. Qd6+ $1 (31. Rd7 $2 Qc1+ 32. Kh2 Qf4+ 33. Kh1 Re8 $19)
31... Kg7 32. Qxb8 Qb1+ (32... Qxf2 33. Rd7+ Kh6 34. Qh8+ Kg5 35. Rd5+ Kf4 36.
Qb8+ Ke4 37. Rd1 $16 {Der schwarze Koenig ist im Gefaehr.}) 33. Kh2 Qf5 34. Rf4
$6 (34. Qc7+ $1 Kh6 35. f4 $16 {
Droht /\ Rd7 oder Rd8 oder Qd8. Die schwarze Stellung sieht kritisch aus.})
34... Qe5 $1 35. Qf8+ (35. Qxe5+ $5 Rxe5 36. a3 $1 (36. Rxh4 $2 Re2 37. a3 Rxf2
$1 38. axb4 Rxb2 39. bxa5 Ra2 $10) 36... g5 37. Rg4 bxa3 38. bxa3 Kf6 39. f4
gxf4 40. Rxf4+ Kg5 41. Rg4+ Kh5 42. Kg1 $16) 35... Kh7 36. Kh1 Qe1+ 37. Kh2 Qe5
38. Qf7+ Kh6 39. Kh1 Qe1+ 40. Kh2 Qe5 41. Qf8+ Kh7 $16 {Weiss hat nur jetzt
bemerkt, dass Schwarz das Remis reklamieren darf. (Dreimal ist die selbe
Stellung)} 1/2-1/2

[Event "NED-ch 1995"]
[Site "Amsterdam"]
[Date "1995.??.??"]
[Round "9"]
[White "Brenninkmeijer, Joris"]
[Black "Sosonko, Gennadi"]
[Result "1/2-1/2"]
[WhiteElo "2490"]
[BlackElo "2535"]
[PlyCount "87"]
[EventDate "1995.06.??"]
[Source "ChessBase"]
[SourceDate "2004.01.01"]

1. d4 Nf6 2. c4 e6 3. Nf3 d5 4. Nc3 Bb4 5. Bg5 Nbd7 6. cxd5 exd5 7. Qc2 c5 8.
dxc5 h6 9. Bd2 Nxc5 10. a3 Bxc3 11. Bxc3 Nce4 12. Bd4 O-O 13. g3 Bd7 14. b4 Rc8
15. Qb2 Ba4 16. Rc1 Qd7 17. Bg2 Rxc1+ 18. Qxc1 Rc8 19. Qa1 Bb5 20. Bxf6 Nxf6
21. Nd4 Ne4 22. O-O Bc4 23. h4 b5 24. Bf3 Re8 25. Rd1 g6 26. Kg2 h5 27. e3 Qe7
28. Re1 Qc7 29. a4 a6 30. axb5 axb5 31. Qa3 Qe7 32. Ra1 Nd2 33. Qb2 Nxf3 34.
Nxf3 Qe4 35. Qd4 Be2 36. Qxe4 dxe4 37. Nd4 Bd3 38. Nb3 Bc4 39. Nc5 Rd8 40. Nxe4
Bd5 41. f3 Bxe4 42. fxe4 Rd2+ 43. Kf3 Rb2 44. Ra8+ 1/2-1/2

[Event "NED-ch 1995"]
[Site "Amsterdam"]
[Date "1995.??.??"]
[Round "9"]
[White "Cifuentes Parada, Roberto"]
[Black "Van Wely, Loek"]
[Result "1-0"]
[WhiteElo "2535"]
[BlackElo "2575"]
[PlyCount "107"]
[EventDate "1995.06.??"]
[Source "ChessBase"]
[SourceDate "2004.01.01"]

1. d4 Nf6 2. c4 g6 3. Nc3 Bg7 4. e4 d6 5. f4 O-O 6. Nf3 c5 7. dxc5 Qa5 8. Bd3
Qxc5 9. Qe2 Bg4 10. Be3 Qa5 11. O-O Nc6 12. Rac1 Nd7 13. Qf2 Nc5 14. Bb1 Bxf3
15. gxf3 Qb4 16. Rfd1 Qxc4 17. Nd5 Qa4 18. e5 b6 19. b4 Nxb4 20. Nxe7+ Kh8 21.
exd6 f5 22. Bd4 Nba6 23. Qb2 Ne6 24. Bxg7+ Nxg7 25. d7 Qxf4 26. Nc6 Qg5+ 27.
Kh1 Nc5 28. d8=Q Raxd8 29. Nxd8 Rxd8 30. Rxd8+ Qxd8 31. Qe5 h5 32. Rg1 Kh7 33.
Bc2 Qa8 34. Bd1 Qc6 35. Be2 Qe6 36. Qg3 Qf6 37. Bc4 Nce6 38. Re1 h4 39. Qe5
Qxe5 40. Rxe5 Nd4 41. Kg2 Kh6 42. Re7 b5 43. Rd7 Nxf3 44. Kxf3 bxc4 45. Rxa7
Ne6 46. Re7 Nc5 47. Rc7 Nd3 48. a4 g5 49. a5 g4+ 50. Kg2 f4 51. Rxc4 h3+ 52.
Kg1 Kg5 53. Rc3 Nb4 54. Rb3 1-0

[Event "NED-ch 1995"]
[Site "Amsterdam"]
[Date "1995.??.??"]
[Round "9"]
[White "Piket, Jeroen"]
[Black "Wiersma, Eelke"]
[Result "1-0"]
[WhiteElo "2670"]
[BlackElo "2180"]
[Annotator "Knaak"]
[PlyCount "65"]
[EventDate "1995.06.??"]
[Source "ChessBase"]
[SourceDate "2004.01.01"]

1. d4 Nf6 2. c4 g6 3. Nc3 Bg7 4. e4 d6 5. Nf3 O-O 6. Be2 e5 7. d5 a5 8. h3 Na6
(8... Nh5 9. Nd2 (9. g3 $5) 9... Nf4 10. Bf1 Nd7 (10... Na6 11. g3 Nh5 12. Nb3
$14 {Spassky-Helmers, Gjovik 1983}) 11. g3 Nh5 12. Be2 Nc5 13. Bxh5 gxh5 14.
Qxh5 f5 $44) 9. Bg5 c6 (9... Nc5 10. Nd2 h6 11. Be3 Nh7 $1 12. g4 f5 13. gxf5
gxf5 14. Rg1 Kh8 15. exf5 Bxf5 {/\ 16...Qh4 (Nunn)}) 10. O-O h6 11. Be3 c5 (
11... cxd5 12. cxd5 Nc5 13. Bxc5 (13. Qc2 b6 $14) 13... dxc5 14. Nxe5 Nxd5 15.
Nxf7 Nxc3 16. Nxd8 Nxd1 17. Bc4+ Kh7 18. Raxd1 Bxb2 19. Ne6 Bxe6 20. Bxe6 Bd4
$13) 12. Qd2 Kh7 13. Nh2 Nb8 (13... Ng8 14. Rae1 f5 15. exf5 Bxf5 16. f4 Nc7
$14) 14. Kh1 Qe7 15. Rae1 Nbd7 16. g4 Ng8 17. Rg1 Ra6 18. Rg3 Qd8 19. Reg1 Ne7
(19... g5 20. h4 f6 (20... Bf6 21. hxg5 Bxg5 (21... hxg5 22. Rh3+ Kg6 23. Nf3
$18 {/\ 24.Rh5 nebst Ng5}) 22. Rh3 f6 23. Nf3 Kg7 24. Nh4 $16) 21. Rh3 $16) 20.
h4 Rh8 21. g5 h5 22. Qd1 Kg8 23. R1g2 Ra8 $6 (23... b6 24. Nb5 Nf8 $14) 24. Nb5
Ra6 25. Bd2 Nb8 26. Qe1 Kh7 27. Ra3 b6 28. f4 Re8 (28... exf4 29. Bxf4 Bxb2 30.
Rb3 Be5 31. Qg3 $16) 29. Rf3 Kg8 30. Qg3 Ra8 31. fxe5 Bxe5 32. Bf4 $18 Nd7 33.
Nxd6 1-0

[Event "NED-ch 1995"]
[Site "Amsterdam"]
[Date "1995.??.??"]
[Round "9"]
[White "Riemersma, Liafbern"]
[Black "Sokolov, Ivan"]
[Result "0-1"]
[WhiteElo "2430"]
[BlackElo "2645"]
[Annotator "Bangiev"]
[PlyCount "65"]
[EventDate "1995.06.??"]
[Source "ChessBase"]
[SourceDate "2004.01.01"]

1. e4 e5 2. f4 exf4 3. Nf3 Ne7 4. d4 d5 5. Nc3 dxe4 (5... Be6 6. Bxf4 Nbc6 7.
Bb5 a6 8. Bxc6+ Nxc6 9. O-O Be7 10. exd5 Bxd5 11. Qe2 $142) (5... c6 6. Bd3
dxe4 7. Nxe4 Ng6 8. O-O Be7 $10) 6. Nxe4 Nd5 $5 (6... Ng6 7. Bc4 (7. h4 Qe7 $5
(7... Be7 8. h5 Nh4 9. Bxf4 Bg4 10. h6 O-O 11. hxg7 Re8 12. Kf2 $16 {
Kuznetsov-Boch Osmolovsky/URS/1962/}) 8. Kf2 $1 Bg4 (8... Qxe4 9. Bb5+ c6 10.
Re1 Qxe1+ 11. Qxe1+ $18) 9. h5 Nh4 10. Bxf4 Nc6 11. Bb5 O-O-O 12. Bxc6 bxc6 13.
Qd3 Nxf3 14. gxf3 Bf5 15. Qa6+ Kb8 16. Nc5 Bc8 17. Qxc6 Rxd4 18. Rae1 Rxf4 (
18... Qxc5 $2 19. Bxc7#) 19. Qb5+ Ka8 20. Qc6+ Kb8 21. Rxe7 Bxe7 22. Rd1 Rf6
23. Nd7+ Bxd7 24. Qxd7 Rd8 25. Qb5+ Kc8 26. Rxd8+ Bxd8 27. Qa4 g5 28. Qxa7 Rf4
29. Qa6+ Kb8 30. Qd3 Be7 31. Qxh7 g4 32. Kg3 {
1-0 Spassky,B-Seirawan,Y/Montpellier ct (9) 1985}) 7... Be7 8. h4 Nxh4 9. Ne5
Nc6 10. Bxf7+ Kf8 11. Nxc6 bxc6 12. Bb3 Bf5 13. O-O f3 14. gxf3 Qe8 15. Kf2 h6
16. Be3 Rd8 17. Qe2 Bg6 18. c3 Bf7 19. Bf4 Bd6 20. Nxd6 Qxe2+ 21. Kxe2 cxd6 {
1/2-1/2 Spassky,B-Novopashin,A/URS-30ch Erevan 1962}) 7. Bc4 $6 (7. c4 $5 Ne3 (
7... Bb4+ $6 8. Kf2 $36) 8. Qe2 Qe7 $5 (8... Bb4+ 9. Kf2 Ng4+ 10. Kg1 O-O 11.
Bxf4 Re8 12. Qc2 $14) (8... Nxf1 $4 9. Nf6#) (8... Bg4 9. Bxe3 fxe3 10. Qxe3
$14) 9. Bxe3 fxe3 (9... Qxe4 10. Bxf4 Qxe2+ 11. Bxe2 $14) 10. Nc3 $44) 7... Be7
(7... Be6 $6 8. Qe2 Be7 9. Bxd5 Bxd5 10. c4 Bxe4 11. Qxe4 $14) 8. O-O (8. Qe2
O-O 9. Bxd5 Qxd5 10. Bxf4 Bg4 11. O-O-O Nc6 12. Nc3 Qf5 13. Bxc7 Rac8 14. Bg3
Rfd8 15. Rhf1 Bf6 16. h3 Bh5 17. Bh2 Qa5 18. g4 Bg6 19. Be5 Nb4 20. Bxf6 gxf6
21. Ne1 Rxc3 22. bxc3 Nxa2+ 23. Kb2 Nxc3 24. Qf3 Qb4+ 25. Kc1 Na2# {
0-1 Reinderman,D-Rausis,I/Cappelle op (05) 1993}) 8... O-O 9. Ne5 $5 Be6 (9...
f6 $6 10. Nd3 g5 11. Qh5 $44) (9... Ne3 $2 10. Bxe3 fxe3 11. Nxf7 $16) 10. Qh5
Nf6 11. Nxf6+ Bxf6 12. Rxf4 Bxc4 (12... Bxe5 13. dxe5 Bxc4 14. Rxc4 $36) 13.
Nxc4 Bxd4+ 14. Be3 Bxe3+ 15. Nxe3 Qd6 (15... Nc6 16. Rh4 h6 17. Rg4 $36) 16.
Rh4 Qg6 (16... h6 $6 17. Nf5 $40) 17. Qxg6 fxg6 (17... hxg6 $6 18. Nd5 Nc6 19.
Nxc7 $10) 18. Nd5 Rf7 19. Re1 Nc6 20. b4 Rd8 (20... Raf8 $2 21. b5 Nd8 22. Ne7+
Kh8 23. Nxg6+ $16) (20... h6 $142) 21. c4 h6 22. Rhe4 Kh7 23. h4 (23. Rf1 $142
Rxf1+ 24. Kxf1 g5 25. Ke2 $44) 23... Rdf8 $1 $15 24. Re8 (24. a3 Rf2 25. Nxc7
Ra2 $15) (24. R1e2 $142 Nd8 25. Re8 c6 26. Rxf8 Rxf8 27. Nc3 $15) 24... Rxe8
25. Rxe8 Nd4 26. Re4 Nf5 27. c5 (27. Kh2 $142 Nd6 28. Rd4) 27... c6 28. Nc3 h5
$17 29. Rf4 Rd7 30. Ne4 Kg8 31. Ng5 Rd4 32. Rxd4 Nxd4 33. a4 0-1

[Event "NED-ch 1995"]
[Site "Amsterdam"]
[Date "1995.??.??"]
[Round "9"]
[White "Van der Wiel, John"]
[Black "Reinderman, Dimitri"]
[Result "1/2-1/2"]
[WhiteElo "2570"]
[BlackElo "2440"]
[Annotator "King"]
[PlyCount "57"]
[EventDate "1995.06.??"]
[Source "ChessBase"]
[SourceDate "2004.01.01"]

1. e4 c5 2. Nf3 d6 3. d4 cxd4 4. Nxd4 Nf6 5. Nc3 g6 6. Be3 Bg7 7. f3 O-O 8. Qd2
Nc6 9. O-O-O Nxd4 10. Bxd4 Be6 11. Kb1 Qc7 12. h4 Rfc8 13. h5 Qa5 14. hxg6 hxg6
15. a3 Rab8 16. Bd3 Bc4 (16... b5 17. Qg5 Qc7 18. e5 dxe5 19. Bxe5 Qc5 20. f4
Rb7 21. Bxg6 fxg6 22. Qxg6 Bf7 23. Rh8+ {1-0, Van der Wiel - Sax, Plovdiv 1983.
}) 17. Bxf6 (17. Bxc4 Rxc4 18. Bxf6 Bxf6 19. Nd5 Qxd2 20. Rxd2 Kg7 $10 {
Marjanovic-Mesing, Bela Crkva 1984.}) 17... Bxf6 18. Nd5 Qxd2 19. Nxf6+ Kg7 20.
Nh5+ gxh5 21. Rxd2 Bxd3 22. cxd3 Kg6 23. g3 Rc5 24. Rdh2 Rg8 25. f4 Kf6 26.
Rxh5 Rxh5 27. Rxh5 Rxg3 28. Kc2 Ke6 29. Rb5 1/2-1/2

[Event "NED-ch 1995"]
[Site "Amsterdam"]
[Date "1995.??.??"]
[Round "10"]
[White "Sokolov, Ivan"]
[Black "Brenninkmeijer, Joris"]
[Result "1-0"]
[WhiteElo "2645"]
[BlackElo "2490"]
[Annotator "Ftacnik"]
[PlyCount "45"]
[EventDate "1995.06.??"]
[Source "ChessBase"]
[SourceDate "2004.01.01"]

1. d4 d5 2. c4 dxc4 3. e3 e6 4. Bxc4 Nf6 5. Nf3 c5 6. Qe2 a6 7. dxc5 Bxc5 8.
O-O Qc7 9. e4 Ng4 10. e5 (10. Bg5 Nc6 11. Nbd2 Bd6 12. h3 h6 $5 13. Bh4 (13.
hxg4 hxg5 14. g3 f6 $15) 13... Nge5 14. Nxe5 Bxe5 15. Nf3 g5 $5 (15... Nd4 16.
Nxd4 Bxd4 $10) 16. Bg3 Bxg3 17. fxg3 Qxg3 18. Rad1 g4 19. hxg4 Bd7 20. b4 $5 b5
$5 21. Bd5 $1 $13 {Farago,I-Polgar,Zs/HUN-ch/1991/0.5 (32)}) (10. Nc3 Nc6 11.
g3 Bd6 (11... b5 12. Bb3 Bb7 13. Bf4 Qb6 14. Rad1 Ne7 15. Bg5 f6 16. Bc1 O-O
17. Nd4 Bxd4 18. Qxg4 f5 19. exf5 Nxf5 20. Bc2 Rad8 21. Be4 Kh8 22. Bxb7 Qxb7
23. Ne4 $13 {Mikhalevski,V-Ezsoel,M/WchJ-Mamaia 1991/1-0 (61)}) 12. Bb3 b5 13.
h3 Nge5 14. Nxe5 Bxe5 15. Be3 O-O 16. Rfd1 Bb7 17. Rac1 Rad8 18. Nd5 Qb8 19. f4
exd5 20. Bxd5 Ne7 21. Bxb7 Qxb7 22. fxe5 Qxe4 $10 {
Murshed,N-Sadler,M/London Lloyds/1992/0.5 (27)}) 10... Nxf2 11. Nc3 (11. Be3
Ng4 12. Bxc5 Qxc5+ 13. Kh1 Nc6 14. Nc3 Ngxe5 15. Nxe5 Nxe5 16. Qh5 O-O 17. Bb3
f6 18. Rac1 Nd3 19. Rf5 g6 20. Rxc5 gxh5 21. Rxc8 Nxc1 22. Bxe6+ Kh8 23. Rxa8
Rxa8 $17 {Christiansen,L-Hansen,Cu/Groningen (1)/1992/0-1 (36)}) 11... Ne4+ (
11... b5 12. Bb3 Ne4+ 13. Kh1 Nxc3 14. bxc3 h6 15. Nd4 Qe7 16. Qg4 g6 17. Be3
h5 18. Qh3 Ra7 19. Rf6 O-O 20. Raf1 Bxd4 21. Bxd4 Rc7 22. Qe3 Kg7 23. Bc2 Nd7
24. Qg5 $40 {Sokolov,I-Georgiev,Ki/Tilburg (04) 20'/1994/1-0 (33)}) 12. Kh1
Nxc3 13. bxc3 Be7 (13... Nd7 14. Ng5 Qxe5 15. Qh5 g6 16. Qf3 Qg7 17. Nxf7 O-O
18. Bh6 Qxf7 19. Qxf7+ Rxf7 20. Bxe6 Ne5 21. Bd5 Bf5 22. h3 Bf8 23. Bf4 Nd3 24.
Bg5 h6 25. Bh4 Re8 $13 {Ryan,J-O'Cinneide,M/Dublin (05) 1995/0.5 (64)}) 14. Ng5
Bxg5 (14... O-O 15. Qe4 Bxg5 16. Bxg5 Nd7 17. Bd3 g6 18. Be7 $36) 15. Bxg5 {
The B can be quite unpleasant in the attacking position as they tend to
control quite a few squares.} 15... Nc6 16. Qh5 h6 (16... Nxe5 17. Bf4 Qxc4 18.
Bxe5 O-O 19. Bxg7 Kxg7 20. Qg5+ Kh8 21. Qf6+ Kg8 22. Rf3 $16) 17. Rad1 Rf8 (
17... O-O 18. Bf6 $40) 18. Bh4 Bd7 19. Rd6 {
Now the heat from the attackers can not be ignored any more.} 19... Nxe5 (19...
b5 20. Bxe6 Bxe6 21. Rxe6+ $18) 20. Qxe5 Qxc4 21. Rfd1 Qxh4 (21... Bc6 $4 22.
Rd8+) 22. Rxd7 Rc8 23. Rxb7 (23. Rxb7 Qg5 24. Qd6 Qd8 25. Rd7 Qh4 26. Rc7 $18)
1-0

[Event "NED-ch 1995"]
[Site "Amsterdam"]
[Date "1995.??.??"]
[Round "10"]
[White "Sosonko, Gennadi"]
[Black "Piket, Jeroen"]
[Result "0-1"]
[WhiteElo "2535"]
[BlackElo "2670"]
[Annotator "Bangiev"]
[PlyCount "48"]
[EventDate "1995.06.??"]
[Source "ChessBase"]
[SourceDate "2004.01.01"]

1. d4 {Baburin} 1... d5 2. Nf3 Nf6 3. c4 dxc4 4. Qa4+ Nc6 5. Nc3 (5. g3 g6 $1
6. Bg2 Nd7 $5) (5. e3 e6 6. Bxc4 Bd6 $13) (5. Bg5 $5) 5... e6 (5... Nd5 6. e4 (
6. Qxc4 Nb6 7. Qd3 e5 $1 $10) 6... Nb6 7. Qd1 Bg4 8. d5 Ne5 9. Bf4 Ng6 10. Bg3
(10. Be3 e6 {1/2-1/2 Botvinnik ,M- Petrosian ,T (22)/Moscow WM/1963/}) 10... e6
11. dxe6 Bxe6 12. Qxd8+ Rxd8 13. Bxc7 Rd7 14. Bxb6 axb6 15. Ng5 Ne5 16. f4 Nd3+
17. Bxd3 Rxd3 18. Nxe6 fxe6 19. Rd1 Rxd1+ 20. Kxd1 Kd7 $1 21. Kc2 Kc6 22. Rd1
Bc5 23. Ne2 Rf8 24. h4 b5 25. a3 g6 (25... e5 26. g3 Bf2 27. h5 {/\ Rd5}) 26.
e5 h6 27. Nd4+ Bxd4 28. Rxd4 g5 29. fxg5 hxg5 30. hxg5 (30. h5 Rf2+ 31. Rd2 Rf1
32. g4 Rh1 $10) 30... Rf2+ 31. Rd2 Rf5 32. Rd6+ {
1/2-1/2 Akopian,V-Brunner,L/Luzern WchT (ARM-SUI) (2) 1993}) 6. a3 (6. Qxc4 Nb4
7. Qb3 c5 8. dxc5 {N} (8. e3 cxd4 9. exd4 Be7 10. Bg5 Nc6 11. Rd1 O-O $10 12.
Bd3 b6 13. a3 Bb7 14. Qc2 g6 15. Bh6 $6 Re8 16. Be3 $6 Rc8 17. O-O Bf8 $15 18.
Qe2 Bg7 19. h3 Qc7 {/\ 20...e5, 20...Red8} 20. Bb5 Red8 21. Bg5 Ne7 $1 22. Ba6
Nf5 23. Rd2 h6 24. Bxf6 Bxf6 25. Rfd1 Bg7 26. Bxb7 Qxb7 27. Ne5 Ne7 $6 28. Ne4
Nd5 29. Qf3 Qc7 30. Re1 $1 $15 Qe7 31. Rdd1 Rc2 32. Rc1 Rdc8 33. Rxc2 Rxc2 {
Illescas Cordoba,M-Wolff,P/Biel izt (12) 1993/0-1 (61)}) 8... Bxc5 9. a3 (9. g3
Qb6 10. e3 O-O {@ /\} 11. Na4 Qc6 12. Bg2 Bd7 $36) 9... Nc6 10. g3 {
/\ Bg2|^ /^h1-a8} 10... Na5 $1 (10... Qb6 11. Qxb6 Bxb6 12. Bg2 $14) (10... O-O
11. Bg2 $36) 11. Qc2 (11. Qb5+ $2 Bd7 12. Qxc5 Nb3 13. Qc4 Nxa1 $19) 11... Qb6
12. e3 Be7 $5 13. b4 Nc6 14. Na4 $1 Qd8 15. Bg2 Bd7 16. O-O Rc8 17. Qb3 O-O 18.
Bb2 Qe8 19. Nc5 $6 (19. Nc3 e5 20. Ng5 $5 $14) 19... Na5 $1 (19... Bxc5 20.
bxc5 Na5 21. Qb4 Nc6 22. Qf4 $36) 20. bxa5 $8 Rxc5 $36 21. Bc3 Nd5 22. Bd2 Ba4
$1 23. Qxb7 $1 Rb5 24. Qa6 $8 Bc5 25. Nd4 Qd7 26. Qc6 Qxc6 27. Nxc6 Rc8 $6 28.
Nb4 {(+)} 28... Nxb4 29. axb4 Bxb4 $10 30. Rfc1 Rxc1+ 31. Rxc1 g6 32. Bxb4 Rxb4
33. h4 Bb5 34. Bc6 Rc4 35. Rxc4 Bxc4 36. f4 Kf8 $2 37. e4 Ke7 {
Stohl,I-Meister,Y/Slovensko 1994/1/2-1/2 (60)}) 6... a6 7. Qxc4 Bd6 $1 8. Bg5 (
8. g3 O-O 9. Bg2 Rb8 10. O-O b5 $5 11. Qd3 (11. Qxc6 $2 Bb7 12. Qxb7 Rxb7 13.
Ne5 Bxe5 $17) 11... b4 $132) 8... h6 9. Bh4 (9. Bxf6 Qxf6 10. e4 e5 $15) 9...
O-O 10. Rd1 $6 (10. e3 Rb8 11. Be2 $10) (10. e4 $142 e5 11. d5 Na7 $13) 10...
g5 $1 11. Bg3 Rb8 12. e4 (12. e3 {Baburin}) 12... b5 $1 13. Qe2 (13. Qxc6 Bb7
14. Qxb7 Rxb7 15. e5 b4 $1 $15) 13... b4 14. axb4 Bxb4 $36 15. Qd3 Ba5 16. Rd2
Nb4 17. Qb1 $2 (17. Qc4 $142 Nxe4 18. Nxe4 f5 (18... Nd5 $6 19. Nc3 Rxb2 20.
Rxb2 Bxc3+ 21. Rd2 $17) 19. Nc3 f4 $13) 17... Nbd5 $1 {Baburin We can see that
while one Bf1 is undeveloped, the other is out of play. It often happens that
the B, being brought to Kside, becomes ineffective if actions begin on the
Qside.} 18. Qc2 (18. exd5 Bxc3 $17) 18... Rxb2 $1 19. Qxb2 Nxc3 20. Ne5 Ncxe4
21. Nc6 Bxd2+ 22. Qxd2 Nxd2 23. Nxd8 Rxd8 24. Kxd2 Rxd4+ 0-1

[Event "NED-ch 1995"]
[Site "Amsterdam"]
[Date "1995.??.??"]
[Round "10"]
[White "Wiersma, Eelke"]
[Black "Van der Wiel, John"]
[Result "1/2-1/2"]
[WhiteElo "2180"]
[BlackElo "2570"]
[PlyCount "73"]
[EventDate "1995.06.??"]
[Source "ChessBase"]
[SourceDate "2004.01.01"]

1. e4 e6 2. d4 d5 3. Nc3 Bb4 4. e5 b6 5. a3 Bxc3+ 6. bxc3 Qd7 7. Qg4 f5 8. Qg3
Ba6 9. Bxa6 Nxa6 10. Ne2 O-O-O 11. a4 Kb7 12. O-O Qf7 13. c4 dxc4 14. Qc3 Ne7
15. Qxc4 Nc6 16. a5 Nab8 17. axb6 axb6 18. Be3 Rhe8 19. Rfb1 Rd5 20. Qc3 Red8
21. Nf4 Nxd4 22. Qc4 Ndc6 23. Nxd5 Rxd5 24. f4 g5 25. Rb5 gxf4 26. Rxd5 exd5
27. Qxf4 Qe6 28. Bd4 Nd7 29. Re1 Nf8 30. c3 Ng6 31. Qg5 f4 32. Qf6 Qg4 33. Rf1
Nh4 34. Rf2 Qd1+ 35. Rf1 Qg4 36. Rf2 Qd1+ 37. Rf1 1/2-1/2

[Event "NED-ch 1995"]
[Site "Amsterdam"]
[Date "1995.??.??"]
[Round "11"]
[White "Brenninkmeijer, Joris"]
[Black "Nijboer, Friso"]
[Result "0-1"]
[WhiteElo "2490"]
[BlackElo "2510"]
[PlyCount "56"]
[EventDate "1995.06.??"]
[Source "ChessBase"]
[SourceDate "2004.01.01"]

1. d4 Nf6 2. c4 g6 3. Nc3 Bg7 4. e4 d6 5. f3 O-O 6. Be3 Nc6 7. Nge2 a6 8. Qd2
Rb8 9. h4 h5 10. Nc1 e5 11. d5 Nd4 12. N1e2 c5 13. dxc6 Nxc6 14. Rd1 Be6 15. b3
b5 16. Qxd6 Qxd6 17. Rxd6 Nb4 18. c5 Rfd8 19. Kd2 Bf8 20. Rxd8 Rxd8+ 21. Kc1
Nd7 22. c6 Nxc6 23. Kb2 Nc5 24. Nc1 f5 25. a3 f4 26. Bxc5 Rd2+ 27. Kb1 Bxc5 28.
b4 Bd4 0-1

[Event "NED-ch 1995"]
[Site "Amsterdam"]
[Date "1995.??.??"]
[Round "11"]
[White "Piket, Jeroen"]
[Black "Sokolov, Ivan"]
[Result "1/2-1/2"]
[WhiteElo "2670"]
[BlackElo "2645"]
[Annotator "Dautov"]
[PlyCount "161"]
[EventDate "1995.06.??"]
[Source "ChessBase"]
[SourceDate "2004.01.01"]

1. d4 Nf6 2. c4 e6 3. Nc3 Bb4 4. Nf3 c5 5. g3 cxd4 6. Nxd4 O-O 7. Bg2 d5 8.
cxd5 Nxd5 9. Bd2 Bxc3 10. bxc3 e5 11. Nb5 a6 (11... Nc6 12. O-O (12. Bc1 Be6
13. Ba3 Qa5 14. Bxf8 Qxb5 15. Ba3 Nxc3 $44 {Piket}) (12. c4 Nb6 13. c5 Nc4 14.
Qc2 a6 $1 15. Qxc4 Be6 16. Qa4 axb5 17. Qxb5 Nd4 $44) 12... Be6 13. Bc1 a6 14.
c4 Nde7 $1 (14... Nb6 15. Nd6 Nxc4 16. Nxb7 Qb6 17. Qb3 Qd4 18. Ba3 Nxa3 19.
Qxa3 Qb4 20. Qxb4 Nxb4 21. Nc5 Bd5 22. a3 Bxg2 23. Kxg2 Nd5 $10 {
Piket,Je-Kortchnoi,V/Nijmegen (m/2) 1993}) 15. Nd6 b6 16. Ba3 Ra7 $10 {
Campos Moreno,J-David,Al/Moscow olm ;EXP 44 1994}) 12. c4 Nb6 13. Na3 Qe7 $6 (
13... Nc6 {>=} 14. Qc1 Be6 15. Rb1 Rc8 16. c5 Nd7 17. Rxb7 Nd4 18. c6 Nf6 $15 {
Zaitshik,G-Makarichev,S/URS/1981}) 14. Qb3 N6d7 15. Nc2 $1 $14 Nc6 16. Nb4 Nd4
17. Nd5 Qd6 18. Qb2 Nc5 19. Be3 Nce6 20. O-O Bd7 21. f4 $1 Rae8 (21... f6 $2
22. f5 Nc5 23. Bxd4 exd4 24. Qxd4 $16) 22. Rad1 $16 f6 23. Bf2 {/\e3} (23. f5
Nc5 24. Bxd4 exd4 25. Rxd4 Qe5 26. e4 Bc6 $14) (23. Bxd4 exd4 (23... Nxd4 $2
24. e3 $18) 24. Qxb7 Rb8 (24... Nc5 25. Qb2 $16) 25. Qa7 Rf7 26. c5 Nxc5 27.
Rxd4 $16) 23... Nc5 24. e3 $1 (24. Bxd4 exd4 25. Rxd4 $16) 24... Nc6 25. Nb6
Qc7 26. Rd5 $1 Nb8 $8 27. Qb4 Ne6 28. f5 $1 Nd8 29. Nxd7 Nxd7 30. Qd6 Qxd6 31.
Rxd6 Nc5 32. Bd5+ Nf7 33. Rb6 Kh8 34. e4 Rc8 35. Bxc5 Rxc5 36. Rxb7 Nd6 37. Ra7
$18 a5 (37... Nxc4 $2 38. Rc1 $18) (37... Rfc8 $2 38. Rxa6 Nxc4 39. Be6 $18)
38. Ra6 Rd8 39. Rb1 h5 40. h4 Nxc4 41. Rc1 Kh7 (41... Rdc8 42. Be6 Nd2 43. Rxc5
Rxc5 44. Ra8+ Kh7 45. Bf7 $18) 42. Be6 $1 (42. Bxc4 Rdc8) (42. Rxc4 Rdxd5)
42... Rd4 43. Ra8 Nb6 $8 44. Rxc5 Nxa8 45. Rxa5 Nc7 46. Ra7 (46. Bf7 $1 Rxe4
47. Rc5 Na6 48. Bg6+ Kh6 49. Rc8 $18) 46... Nb5 47. Ra8 Nd6 $1 48. Bg8+ Kh6 49.
Bd5 g6 $1 (49... Kh7 50. a4 Nxe4 51. Bf7 $18) 50. Ra6 (50. Rh8+ Kg7 51. Rg8+
Kh6 (51... Kh7 $2 52. fxg6+ Kh6 53. Bf7 $18) 52. Rxg6+ Kh7 53. Rxf6 Nxe4 54.
Bxe4 Rxe4 55. Rf7+ $1 Kg8 56. Ra7 $18) 50... Nxf5 51. exf5 Rxd5 52. Rxf6 Kg7
53. Rxg6+ Kf7 54. Rh6 Rd3 55. Kf2 Ra3 56. Rxh5 Kf6 57. g4 Rxa2+ 58. Ke3 Ra3+
59. Kd2 e4 60. Rh8 Rg3 61. Rg8 Ke5 62. Re8+ Kd4 63. f6 e3+ 64. Ke2 Rg2+ 65. Kf3
$2 (65. Kd1 Rg1+ 66. Kc2 Rg2+ 67. Kb3 Rf2 68. g5 e2 69. Rxe2 Rxe2 70. f7 Rf2
71. g6 $18) 65... Rf2+ 66. Kg3 Rxf6 67. g5 Rf1 68. h5 Rh1 69. h6 Kd3 70. Kf3
Rh3+ 71. Kg4 Rh1 72. Kf5 e2 $10 73. Kf6 (73. g6 Rh5+ 74. Kf4 Rxh6 $10) 73...
Rh3 74. Kf7 Rf3+ $1 (74... Re3 $2 75. Rxe3+ Kxe3 76. h7 e1=Q 77. h8=Q $16) 75.
Kg6 Re3 76. Rxe3+ Kxe3 77. h7 e1=Q 78. h8=Q Qb1+ 79. Kh6 Qh1+ 80. Kg7 Qb7+ 81.
Kh6 1/2-1/2

[Event "NED-ch 1995"]
[Site "Amsterdam"]
[Date "1995.??.??"]
[Round "11"]
[White "Reinderman, Dimitri"]
[Black "Wiersma, Eelke"]
[Result "1/2-1/2"]
[WhiteElo "2440"]
[BlackElo "2180"]
[PlyCount "57"]
[EventDate "1995.06.??"]
[Source "ChessBase"]
[SourceDate "2004.01.01"]

1. c4 g6 2. Nc3 Bg7 3. d4 Nf6 4. e4 d6 5. Nf3 O-O 6. Be2 Na6 7. O-O e5 8. Re1
Qe8 9. Bf1 Bg4 10. d5 Nb4 11. Be2 a5 12. Rf1 Qe7 13. Rb1 Na6 14. Bg5 h6 15. Bh4
Qe8 16. Nd2 Bxe2 17. Qxe2 Nh5 18. a3 a4 19. b4 axb3 20. Nxb3 Bf6 21. Bxf6 Nxf6
22. a4 Nd7 23. Na5 b6 24. Nc6 Ndb8 25. Nxb8 Nxb8 26. Rb5 Nd7 27. Ra1 Nc5 28.
Qb2 Ra6 29. Ra2 1/2-1/2